[Event "Turkey Cup 2020"]
[Site "Antalya-Belek"]
[Date "2020.01.27"]
[Round "3.28"]
[White "Erdogan, Anil Berk"]
[Black "Unal, Yusuf Evcim"]
[Result "1-0"]
[WhiteElo "2147"]
[BlackElo "1680"]
[Annotator "NA"]
[PlyCount "143"]
[EventDate "2020.01.26"]
[EventType "swiss"]
[EventCountry "TUR"]
[SourceTitle "playchess.com"]
[Source "ChessBase"]
[SourceQuality "1"]

1. e4 c5 2. Nf3 Nc6 3. d4 cxd4 4. Nxd4 g6 5. c4 Bg7 6. Be3 Nf6 7. Nc3 O-O 8. Be2 d6 9. O-O Nxd4 10. Bxd4 Bd7 11. Qd2 Bc6 12. Bd3 Qa5 13. Rae1 e6 14. a3 a6 15. f4 Ng4 16. Bxg7 Qc5+ 17. Kh1 Qh5 18. h3 Kxg7 19. Be2 f5 20. Qd1 Qh4 21. Bxg4 fxg4 22. Qxg4 Qxg4 23. hxg4 Rf7 24. Rd1 Rd7 25. Rd2 Rad8 26. Rfd1 b5 27. cxb5 axb5 28. Kh2 d5 29. Rd4 g5 30. e5 gxf4 31. Ne2 Ra7 32. Nxf4 Bd7 33. Nxd5 exd5 34. Rxd5 Kf7 35. Rd6 Bxg4 36. Rxd8 Bxd1 37. Rxd1 Ke6 38. Rd6+ Kxe5 39. Rb6 Ra5 40. Rh6 Kf4 41. Rxh7 Kg4 42. Rc7 Ra6 43. Rc5 Rb6 44. Rc3 Rd6 45. Rb3 Rd5 46. Rb4+ Kg5 47. Kg3 Rf5 48. Rg4+ Kh5 49. Rg8 Rd5 50. Kf4 b4 51. g4+ Kh6 52. g5+ Kh7 53. Rb8 bxa3 54. bxa3 Ra5 55. Rb3 Kg6 56. Rg3 Rc5 57. Ke4 Rc1 58. Kd5 Rc2 59. Kd4 Rc1 60. Kd5 Rc2 61. a4 Ra2 62. Rg4 Kf5 63. Rd4 Kxg5 64. Kc6 Kf5 65. Kb5 Ke5 66. Rd1 Ke6 67. a5 Ke7 68. Rd4 Ra1 69. a6 Rb1+ 70. Rb4 Ra1 71. Kb6 Kd7 72. Kb7 1-0

[Event "Turkey Cup 2020"]
[Site "Antalya-Belek"]
[Date "2020.01.27"]
[Round "3.29"]
[White "Ince, Taylan Ruzgar"]
[Black "Ozdemir, Serhan Berat"]
[Result "0-1"]
[WhiteElo "1704"]
[BlackElo "2139"]
[Annotator "NA"]
[PlyCount "58"]
[EventDate "2020.01.26"]
[EventType "swiss"]
[EventCountry "TUR"]
[SourceTitle "playchess.com"]
[Source "ChessBase"]
[SourceQuality "1"]

1. e4 c5 2. Nf3 e6 3. d4 cxd4 4. Nxd4 a6 5. Nc3 b5 6. Bd3 Qb6 7. Nb3 Qc7 8. O-O Bb7 9. Qe2 Nf6 10. f4 b4 11. Nd1 Nc6 12. Kh1 a5 13. Be3 h5 14. c3 Ng4 15. Bg1 Bd6 16. Nd4 Bxf4 17. Nb5 Qb8 18. Qf3 g5 19. g3 Nce5 20. Qe2 Nxd3 21. Qxd3 f5 22. Rxf4 gxf4 23. Ba7 Rxa7 24. Qd4 Bxe4+ 25. Kg1 Qxb5 26. Qxh8+ Ke7 27. Qg7+ Kd8 28. Qg5+ Kc8 29. Qg8+ Kb7 0-1

[Event "Turkey Cup 2020"]
[Site "Antalya-Belek"]
[Date "2020.01.27"]
[Round "3.30"]
[White "Tepe, Efe Can"]
[Black "Pek, Efe Can"]
[Result "1-0"]
[WhiteElo "2137"]
[BlackElo "1602"]
[Annotator "NA"]
[PlyCount "41"]
[EventDate "2020.01.26"]
[EventType "swiss"]
[EventCountry "TUR"]
[SourceTitle "playchess.com"]
[Source "ChessBase"]
[SourceQuality "1"]

1. e4 e5 2. Nf3 Nf6 3. Nxe5 d6 4. Nf3 Nxe4 5. Nc3 Nxc3 6. dxc3 Be7 7. Be3 O-O 8. Bd3 c5 9. h4 Be6 10. Ng5 Bxg5 11. Bxh7+ Kxh7 12. hxg5+ Kg6 13. Qh5+ Kf5 14. g6+ Ke4 15. Qf3+ Ke5 16. Rh5+ f5 17. Bf4+ Kf6 18. Bg5+ Kxg6 19. Bxd8 Rxd8 20. O-O-O Nc6 21. Qg3+ 1-0

[Event "Turkey Cup 2020"]
[Site "Antalya-Belek"]
[Date "2020.01.27"]
[Round "3.31"]
[White "Ozenir, Ekin Baris"]
[Black "Sarac, Mehmet Ali"]
[Result "1-0"]
[WhiteElo "2285"]
[BlackElo "1804"]
[Annotator "NA"]
[PlyCount "69"]
[EventDate "2020.01.26"]
[EventType "swiss"]
[EventCountry "TUR"]
[SourceTitle "playchess.com"]
[Source "ChessBase"]
[SourceQuality "1"]

1. d4 Nf6 2. c4 g6 3. Nc3 Bg7 4. e4 d6 5. Be2 O-O 6. Nf3 e5 7. d5 a5 8. h3 Na6 9. Bg5 h6 10. Be3 Nc5 11. Nd2 Ne8 12. g4 f5 13. exf5 gxf5 14. Rg1 f4 15. Bxc5 dxc5 16. Nde4 Nd6 17. Bd3 Nxe4 18. Nxe4 Qh4 19. Qf3 Ra6 20. O-O-O Rb6 21. Rd2 Rb4 22. a3 Rb6 23. Nxc5 Qe7 24. Na4 Rb3 25. Qe4 Rxd3 26. Rxd3 Bd7 27. Nc3 Qc5 28. Rd2 b5 29. cxb5 Bxb5 30. g5 h5 31. Qc2 Bd7 32. Ne4 Qe7 33. Nf6+ Kf7 34. Qd1 Kg6 35. Qxh5+ 1-0

[Event "Turkey Cup 2020"]
[Site "Antalya-Belek"]
[Date "2020.01.27"]
[Round "3.32"]
[White "Celebi, Orhan"]
[Black "Citak, Selim"]
[Result "0-1"]
[WhiteElo "1834"]
[BlackElo "2198"]
[Annotator "NA"]
[PlyCount "106"]
[EventDate "2020.01.26"]
[EventType "swiss"]
[EventCountry "TUR"]
[SourceTitle "playchess.com"]
[Source "ChessBase"]
[SourceQuality "1"]

1. e4 e5 2. Nf3 Nc6 3. Bc4 Bc5 4. O-O Nf6 5. d4 Bxd4 6. Nxd4 Nxd4 7. f4 d6 8. fxe5 dxe5 9. Bg5 Qe7 10. Na3 Ne6 11. Bxf6 gxf6 12. Qf3 Nf4 13. g3 Nh3+ 14. Kh1 h5 15. Qxf6 Qxf6 16. Rxf6 Bg4 17. Raf1 O-O-O 18. Rxf7 Ng5 19. Re7 Bf3+ 20. Rxf3 Nxf3 21. Kg2 Rhf8 22. Be6+ Kb8 23. Bf5 Nd4 24. Rxe5 Nc6 25. Re6 Rd2+ 26. Kh3 Nd4 27. Rh6 Nf3 28. Rxh5 Rg8 29. g4 Rxh2+ 30. Kg3 Rxh5 31. Kxf3 Rh2 32. e5 c6 33. Nc4 Kc7 34. Nd6 Rf8 35. Ne4 Kd8 36. Nf6 Ke7 37. g5 Rh1 38. Kf4 Ra1 39. Bd3 Rxa2 40. Kf5 Ra1 41. Bc4 b5 42. Bb3 a5 43. g6 a4 44. Bg8 Rf1+ 45. Kg5 Rxg8 46. Nxg8+ Ke6 47. Kh6 Rh1+ 48. Kg5 Rg1+ 49. Kh6 b4 50. Nf6 a3 51. bxa3 bxa3 52. Ne4 a2 53. Ng5+ Kxe5 0-1

[Event "Turkey Cup 2020"]
[Site "Antalya-Belek"]
[Date "2020.01.27"]
[Round "3.33"]
[White "Kalemler, Kaan"]
[Black "Kilic, Efe Mert"]
[Result "0-1"]
[WhiteElo "1841"]
[BlackElo "2247"]
[Annotator "NA"]
[PlyCount "104"]
[EventDate "2020.01.26"]
[EventType "swiss"]
[EventCountry "TUR"]
[SourceTitle "playchess.com"]
[Source "ChessBase"]
[SourceQuality "1"]

1. e4 c5 2. Nc3 Nc6 3. d3 g6 4. Be3 Bg7 5. Qd2 d6 6. g3 f5 7. Bg2 Nf6 8. h3 e5 9. Nge2 O-O 10. O-O Nd4 11. f4 Rb8 12. Nd1 Nxe2+ 13. Qxe2 Nh5 14. Qf2 fxe4 15. dxe4 exf4 16. gxf4 Nxf4 17. Bxf4 g5 18. Qg3 gxf4 19. Rxf4 Rxf4 20. Qxf4 Be5 21. Qh6 Qf6 22. Qxf6 Bxf6 23. c3 Bg5 24. Kf2 Kf7 25. Ne3 Ke6 26. Rd1 b5 27. Nf5 Bf4 28. h4 Be5 29. Ke3 b4 30. c4 b3 31. a3 Bxb2 32. Bh3 Kf6 33. Rxd6+ Kf7 34. Rd1 Bd4+ 35. Kf4 b2 36. Rb1 Bxf5 37. Bxf5 Kf6 38. Bxh7 Be5+ 39. Ke3 Rb3+ 40. Kd2 Rxa3 41. Bf5 Bf4+ 42. Kc2 Bc1 43. h5 Kg5 44. Bg6 Rh3 45. Bf7 Kf4 46. Bg6 Ke5 47. Bf7 Kxe4 48. h6 Rxh6 49. Kb3 Kd4 50. Ka4 Rb6 51. Bd5 Rb4+ 52. Ka3 Rxc4 0-1

[Event "Turkey Cup 2020"]
[Site "Antalya-Belek"]
[Date "2020.01.27"]
[Round "3.34"]
[White "Selvi, Kaan"]
[Black "Oney, Adil Feridun"]
[Result "1-0"]
[WhiteElo "1907"]
[BlackElo "2041"]
[Annotator "NA"]
[PlyCount "41"]
[EventDate "2020.01.26"]
[EventType "swiss"]
[EventCountry "TUR"]
[SourceTitle "playchess.com"]
[Source "ChessBase"]
[SourceQuality "1"]

1. e4 c6 2. d4 d5 3. e5 Bf5 4. h4 h5 5. Bd3 Bxd3 6. Qxd3 e6 7. Bg5 Qa5+ 8. Nd2 Qa6 9. c4 Bb4 10. b3 c5 11. Ngf3 Nc6 12. dxc5 Nge7 13. O-O Rd8 14. Qe3 Qa5 15. Bxe7 Nxe7 16. cxd5 Bxd2 17. Nxd2 exd5 18. Nf3 d4 19. Nxd4 Qxc5 20. Rfd1 Rh6 21. Ne6 1-0

[Event "Turkey Cup 2020"]
[Site "Antalya-Belek"]
[Date "2020.01.27"]
[Round "3.35"]
[White "Ozsoy, Alimert"]
[Black "Demirci, Fatih"]
[Result "1-0"]
[WhiteElo "2211"]
[BlackElo "1749"]
[Annotator "NA"]
[PlyCount "95"]
[EventDate "2020.01.26"]
[EventType "swiss"]
[EventCountry "TUR"]
[SourceTitle "playchess.com"]
[Source "ChessBase"]
[SourceQuality "1"]

1. e4 d5 2. exd5 Nf6 3. d4 Bg4 4. Be2 Bxe2 5. Nxe2 Nxd5 6. c4 Nb6 7. Nbc3 e6 8. O-O Be7 9. b3 O-O 10. Bb2 a5 11. Nf4 Bg5 12. Qf3 Nc6 13. Ne4 Bh6 14. Rad1 Qe7 15. Nh5 f5 16. Nc5 e5 17. Nxb7 e4 18. Qh3 a4 19. d5 Nb4 20. d6 cxd6 21. Rxd6 Nd3 22. Bd4 Nc8 23. Rc6 Ne5 24. Rc5 Nd3 25. Rb5 Na7 26. Bxa7 Rxa7 27. Na5 Qc7 28. b4 Nxb4 29. Rxb4 Rxa5 30. Rfb1 Ra7 31. Ng3 e3 32. fxe3 Bxe3+ 33. Kh1 Qf4 34. c5 Qg5 35. c6 Rc7 36. Rc4 f4 37. Qe6+ Kh8 38. Qd6 Qd8 39. Nf5 Qc8 40. g4 Rd8 41. Qe5 Re8 42. Qd5 Rd8 43. Nd6 Rxd6 44. Qxd6 h6 45. Qg6 Qg8 46. Re4 Rc8 47. Rd1 Qf8 48. c7 1-0

[Event "Turkey Cup 2020"]
[Site "Antalya-Belek"]
[Date "2020.01.27"]
[Round "3.36"]
[White "Altun, Arda"]
[Black "Gonullu, Muhammed Sinan"]
[Result "1-0"]
[WhiteElo "2200"]
[BlackElo "1787"]
[Annotator "NA"]
[PlyCount "91"]
[EventDate "2020.01.26"]
[EventType "swiss"]
[EventCountry "TUR"]
[SourceTitle "playchess.com"]
[Source "ChessBase"]
[SourceQuality "1"]

1. e4 c5 2. Nf3 g6 3. c3 Bg7 4. d4 cxd4 5. cxd4 d5 6. e5 Bg4 7. Bb5+ Nc6 8. Bxc6+ bxc6 9. Nbd2 e6 10. O-O Ne7 11. h3 Bxf3 12. Nxf3 O-O 13. Re1 c5 14. dxc5 Qa5 15. Be3 Nf5 16. Qd2 Qb5 17. Nd4 Nxd4 18. Bxd4 Rab8 19. Rab1 a5 20. b3 Rfc8 21. a3 Bf8 22. b4 Rc7 23. Rb2 Qa4 24. Qc3 Rb5 25. Reb1 Rc6 26. Qb3 Qxb3 27. Rxb3 Be7 28. f4 Kg7 29. Kf2 f6 30. Ke3 Ra6 31. Rc1 fxe5 32. Bxe5+ Kf7 33. c6 Ra8 34. c7 Rc8 35. Kd4 Ke8 36. g4 Kd7 37. f5 gxf5 38. gxf5 axb4 39. f6 Bd6 40. Rg3 Bxe5+ 41. Kxe5 d4+ 42. Kxd4 bxa3 43. f7 Rf5 44. Rg7 Ke7 45. Rg8 Kd7 46. Ke4 1-0

[Event "Turkey Cup 2020"]
[Site "Antalya-Belek"]
[Date "2020.01.27"]
[Round "3.37"]
[White "Gunduz, Umut Erdem"]
[Black "Aslanhan, Halis"]
[Result "1-0"]
[WhiteElo "2193"]
[BlackElo "1774"]
[Annotator "NA"]
[PlyCount "63"]
[EventDate "2020.01.26"]
[EventType "swiss"]
[EventCountry "TUR"]
[SourceTitle "playchess.com"]
[Source "ChessBase"]
[SourceQuality "1"]

1. e4 c5 2. Nf3 e6 3. d4 cxd4 4. Nxd4 a6 5. c4 d6 6. Nc3 Be7 7. Be3 Nf6 8. Be2 Qc7 9. f3 Nbd7 10. O-O b6 11. Qd2 Bb7 12. a4 O-O 13. a5 bxa5 14. Nb3 a4 15. Nxa4 d5 16. exd5 exd5 17. c5 Bc6 18. Rfc1 Bxa4 19. Rxa4 Rfb8 20. Qc2 Qb7 21. Ra3 Nf8 22. c6 Qc8 23. c7 Bxa3 24. cxb8=Q Qxc2 25. Qxf8+ Bxf8 26. Rxc2 a5 27. Kf2 g6 28. Rc6 Bg7 29. Bd4 Rb8 30. Bd1 Ne8 31. Bxg7 Kxg7 32. Ra6 1-0

[Event "Turkey Cup 2020"]
[Site "Antalya-Belek"]
[Date "2020.01.27"]
[Round "3.38"]
[White "Kara, Yanki"]
[Black "Gundogan, Sinem Cagla"]
[Result "1-0"]
[WhiteElo "2175"]
[BlackElo "1808"]
[Annotator "NA"]
[PlyCount "66"]
[EventDate "2020.01.26"]
[EventType "swiss"]
[EventCountry "TUR"]
[SourceTitle "playchess.com"]
[Source "ChessBase"]
[SourceQuality "1"]

1. Nf3 d5 2. g3 Nf6 3. Bg2 c6 4. O-O Bg4 5. d3 Nbd7 6. Nbd2 e5 7. e4 dxe4 8. dxe4 Be7 9. Qe1 O-O 10. h3 Bxf3 11. Nxf3 Qc7 12. Qe2 a5 13. Nh4 g6 14. a4 Rfd8 15. b3 Nc5 16. Bb2 Nfd7 17. Nf3 Ne6 18. Rad1 Bf6 19. Nd2 Ndc5 20. Nc4 Bg7 21. Bc3 b6 22. h4 Nd4 23. Bxd4 Rxd4 24. Rxd4 exd4 25. f4 Rd8 26. e5 d3 27. cxd3 Rxd3 28. Rf3 Rxb3 29. Rxb3 Nxb3 30. Qb2 b5 31. Qxb3 c5 32. Bd5 h5 33. Kg2 Bf8 1-0

[Event "Turkey Cup 2020"]
[Site "Antalya-Belek"]
[Date "2020.01.27"]
[Round "3.39"]
[White "Caberoglu, Arda"]
[Black "Korkmaz, Necmettin"]
[Result "1/2-1/2"]
[WhiteElo "1893"]
[BlackElo "2157"]
[Annotator "NA"]
[PlyCount "131"]
[EventDate "2020.01.26"]
[EventType "swiss"]
[EventCountry "TUR"]
[SourceTitle "playchess.com"]
[Source "ChessBase"]
[SourceQuality "1"]

1. d4 d5 2. Nf3 Nf6 3. g3 Bf5 4. Bg2 h6 5. O-O e6 6. c4 c6 7. Nc3 Be7 8. Qb3 Qb6 9. c5 Qa6 10. Re1 b6 11. cxb6 axb6 12. h3 Bh7 13. g4 Ne4 14. Nxe4 Bxe4 15. Ne5 Bxg2 16. Kxg2 O-O 17. Bf4 c5 18. e3 c4 19. Qc2 b5 20. h4 Nc6 21. g5 Nxe5 22. Bxe5 f6 23. Bf4 fxg5 24. hxg5 hxg5 25. Be5 Rf5 26. e4 dxe4 27. Qxe4 Rd8 28. Bg3 Bf6 29. Qxe6+ Qxe6 30. Rxe6 Rxd4 31. Re2 b4 32. a4 Rdd5 33. Bc7 Rc5 34. Bd6 c3 35. Bxc5 cxb2 36. Rb1 Rxc5 37. Rexb2 Bxb2 38. Rxb2 Rc4 39. a5 Rc5 40. a6 Ra5 41. Rxb4 Rxa6 42. Rb5 Rg6 43. Kg3 Kh7 44. Kg4 Kh6 45. Ra5 Rf6 46. Rxg5 Rxf2 47. Ra5 Rg2+ 48. Kh3 Rg1 49. Rb5 Rg5 50. Rb6+ Kh5 51. Rb8 Ra5 52. Rb3 Ra4 53. Rb5+ g5 54. Rb3 Rh4+ 55. Kg3 Rh1 56. Kg2 Ra1 57. Kg3 Rg1+ 58. Kh2 Rg4 59. Kh3 Ra4 60. Kg3 Ra5 61. Rc3 g4 62. Rb3 Rf5 63. Ra3 Kg5 64. Rb3 Rf3+ 65. Rxf3 gxf3 66. Kxf3 1/2-1/2

[Event "Turkey Cup 2020"]
[Site "Antalya-Belek"]
[Date "2020.01.27"]
[Round "3.40"]
[White "Kisadere, Kutay"]
[Black "Kesgin, Halit Kaan"]
[Result "0-1"]
[WhiteElo "1831"]
[BlackElo "2061"]
[Annotator "NA"]
[PlyCount "64"]
[EventDate "2020.01.26"]
[EventType "swiss"]
[EventCountry "TUR"]
[SourceTitle "playchess.com"]
[Source "ChessBase"]
[SourceQuality "1"]

1. e4 e6 2. d4 d5 3. Nd2 c5 4. dxc5 Bxc5 5. Bd3 Nc6 6. Ngf3 Nf6 7. Qe2 O-O 8. O-O Nb4 9. Nb3 Nxd3 10. cxd3 Be7 11. Bg5 b6 12. Nbd4 dxe4 13. dxe4 Bb7 14. Rfd1 Qb8 15. e5 Nd5 16. Bxe7 Nxe7 17. Rac1 a6 18. Ne1 Ng6 19. Nd3 Rd8 20. Qe3 Rd5 21. f4 Qd8 22. Ne1 Qd7 23. Rd3 Rd8 24. Rcd1 Ne7 25. Ne2 Rxd3 26. Rxd3 Nd5 27. Qd4 h6 28. Nc3 Rc8 29. Nxd5 Bxd5 30. a3 Rc1 31. Kf2 Qb5 32. Rc3 Qxb2+ 0-1

[Event "Turkey Cup 2020"]
[Site "Antalya-Belek"]
[Date "2020.01.27"]
[Round "3.41"]
[White "Demirbag, Alihan"]
[Black "Araboga, Nizamettin"]
[Result "1-0"]
[WhiteElo "2104"]
[BlackElo "1710"]
[Annotator "NA"]
[PlyCount "85"]
[EventDate "2020.01.26"]
[EventType "swiss"]
[EventCountry "TUR"]
[SourceTitle "playchess.com"]
[Source "ChessBase"]
[SourceQuality "1"]

1. c4 g6 2. Nc3 Bg7 3. g3 Nc6 4. Bg2 Nf6 5. e4 e5 6. d3 d6 7. Nge2 Bg4 8. h3 Be6 9. O-O Qc8 10. Kh2 Nh5 11. Be3 Nd4 12. g4 Nf6 13. Bxd4 exd4 14. Nb5 h5 15. g5 Ng4+ 16. hxg4 hxg4+ 17. Kg1 Be5 18. Re1 c5 19. Qd2 a6 20. Na3 Ke7 21. b4 Qc7 22. Nc2 Bh2+ 23. Kf1 Be5 24. Rab1 Rh2 25. Rb2 Rah8 26. Reb1 Bc8 27. Nf4 Kf8 28. Ne1 Kg7 29. Nd5 Qd8 30. f4 gxf3 31. Nxf3 R2h5 32. Nf4 R5h7 33. bxc5 Qd7 34. cxd6 Qxd6 35. Rb6 Qc7 36. Ne2 Bh3 37. Rxb7 Bxg2+ 38. Kxg2 Rh2+ 39. Kf1 Qc8 40. Ke1 Qg4 41. Rxf7+ Kg8 42. Nxh2 Rxh2 43. Rf1 1-0

[Event "Turkey Cup 2020"]
[Site "Antalya-Belek"]
[Date "2020.01.27"]
[Round "3.42"]
[White "Benk, Tolga Tugay"]
[Black "Kucuk, Dogan"]
[Result "0-1"]
[WhiteElo "1821"]
[BlackElo "2005"]
[Annotator "NA"]
[PlyCount "68"]
[EventDate "2020.01.26"]
[EventType "swiss"]
[EventCountry "TUR"]
[SourceTitle "playchess.com"]
[Source "ChessBase"]
[SourceQuality "1"]

1. d4 c5 2. d5 Nf6 3. Nc3 g6 4. e4 d6 5. Be2 Bg7 6. Nf3 O-O 7. O-O Bg4 8. Be3 Nbd7 9. h3 Bxf3 10. Bxf3 Ne8 11. Qd2 Nc7 12. Be2 b6 13. f4 a6 14. e5 dxe5 15. f5 Nf6 16. Rad1 Nce8 17. h4 Nd6 18. h5 gxh5 19. Bh6 Bxh6 20. Qxh6 Kh8 21. Bxh5 Nxh5 22. Qxh5 f6 23. Rd3 Qe8 24. Qh4 Rg8 25. Rh3 Qf7 26. Ne4 Rg7 27. Nxd6 exd6 28. Rf2 Rag8 29. Qc4 b5 30. Qd3 Rg4 31. Rh6 Rg3 32. Qe2 R8g4 33. c3 Kg7 34. Rh2 Qxd5 0-1

[Event "Turkey Cup 2020"]
[Site "Antalya-Belek"]
[Date "2020.01.27"]
[Round "3.43"]
[White "Caglar, Ahmet Ata"]
[Black "Camdereli, Gunduz"]
[Result "1-0"]
[WhiteElo "2065"]
[BlackElo "1763"]
[Annotator "NA"]
[PlyCount "91"]
[EventDate "2020.01.26"]
[EventType "swiss"]
[EventCountry "TUR"]
[SourceTitle "playchess.com"]
[Source "ChessBase"]
[SourceQuality "1"]

1. d4 Nf6 2. c4 e6 3. Nc3 d5 4. Nf3 Be7 5. Bg5 Nbd7 6. e3 O-O 7. Qc2 c6 8. Rc1 Re8 9. Bd3 dxc4 10. Bxc4 b5 11. Bd3 a6 12. O-O Bb7 13. Ne5 Nf8 14. Ne4 Nxe4 15. Bxe7 Qxe7 16. Bxe4 Rac8 17. Qc5 f6 18. Nd3 Qc7 19. Qh5 g6 20. Qh6 Ba8 21. Rc3 Qa5 22. a3 Rcd8 23. h4 e5 24. dxe5 f5 25. Bf3 Qb6 26. h5 c5 27. Bxa8 c4 28. Nf4 Rxa8 29. Nd5 Qe6 30. Nf6+ Kf7 31. Nxe8 Rxe8 32. e4 fxe4 33. Qf4+ Qf5 34. Qxf5+ gxf5 35. f3 Ke6 36. fxe4 fxe4 37. Rf6+ Kxe5 38. Rxa6 Ne6 39. a4 Nc5 40. Ra5 Nxa4 41. Rxc4 Nb6 42. Rxb5+ Nd5 43. Rcc5 Rd8 44. Rxd5+ Rxd5 45. Rxd5+ Kxd5 46. Kf2 1-0

[Event "Turkey Cup 2020"]
[Site "Antalya-Belek"]
[Date "2020.01.27"]
[Round "3.44"]
[White "Aydogdu, Cagatay"]
[Black "Ibik, Halit Yavuz"]
[Result "0-1"]
[WhiteElo "1803"]
[BlackElo "1952"]
[Annotator "NA"]
[PlyCount "64"]
[EventDate "2020.01.26"]
[EventType "swiss"]
[EventCountry "TUR"]
[SourceTitle "playchess.com"]
[Source "ChessBase"]
[SourceQuality "1"]

1. e4 c5 2. Nf3 d6 3. Nc3 Nf6 4. e5 dxe5 5. Nxe5 e6 6. Bb5+ Bd7 7. Nxd7 Nbxd7 8. d4 a6 9. Be2 Qc7 10. O-O Bd6 11. h3 O-O 12. Be3 Rfd8 13. Bf3 cxd4 14. Qxd4 Ne5 15. Qh4 Ng6 16. Qa4 b5 17. Qb3 Rac8 18. Rac1 Be5 19. Ne2 Nh4 20. Bg5 Nxf3+ 21. gxf3 h6 22. Bh4 Rd2 23. Qe3 Qd6 24. c3 g5 25. Bxg5 hxg5 26. Qxg5+ Kh8 27. Qh6+ Nh7 28. Nd4 Bf4 29. Qh4 Rxd4 30. cxd4 Rxc1 31. Rxc1 Bxc1 32. Qh5 Qf4 0-1

[Event "Turkey Cup 2020"]
[Site "Antalya-Belek"]
[Date "2020.01.27"]
[Round "3.45"]
[White "Demir, Zeki"]
[Black "Erdogan, Atakan"]
[Result "0-1"]
[WhiteElo "1703"]
[BlackElo "1901"]
[Annotator "NA"]
[PlyCount "112"]
[EventDate "2020.01.26"]
[EventType "swiss"]
[EventCountry "TUR"]
[SourceTitle "playchess.com"]
[Source "ChessBase"]
[SourceQuality "1"]

1. d4 Nf6 2. c4 c5 3. d5 e6 4. Nc3 exd5 5. cxd5 d6 6. e4 g6 7. f4 Bg7 8. Nf3 O-O 9. Be2 Re8 10. Nd2 Na6 11. O-O Nc7 12. a4 Rb8 13. Bf3 a6 14. a5 Nb5 15. Re1 Nd4 16. Nc4 Nxf3+ 17. Qxf3 Ng4 18. Bd2 Bd4+ 19. Ne3 Bd7 20. Kh1 Qh4 21. Nxg4 Bxg4 22. Qf1 Qf2 23. Qxf2 Bxf2 24. Rf1 Bd4 25. Rae1 Bd7 26. h3 b5 27. axb6 Rxb6 28. Bc1 Rb4 29. e5 dxe5 30. fxe5 Rxe5 31. Rxe5 Bxe5 32. Re1 f6 33. Ne4 Rd4 34. Nxc5 Rxd5 35. Ne4 Bf5 36. Nc3 Rd3 37. Rd1 Bxc3 38. Rxd3 Bxd3 39. bxc3 Kf7 40. Kg1 Ke6 41. Kf2 Kd5 42. Ke3 Kc4 43. Bb2 a5 44. Ba1 a4 45. g3 a3 46. h4 h5 47. Kf4 Bf5 48. Ke3 g5 49. Kd2 Be4 50. Ke3 Bc6 51. Kd2 f5 52. Ke3 f4+ 53. gxf4 gxh4 54. Kf2 Be4 55. Kg1 Bf5 56. Kf2 Kb3 0-1

[Event "Turkey Cup 2020"]
[Site "Antalya-Belek"]
[Date "2020.01.27"]
[Round "3.46"]
[White "Demirbas, Emre"]
[Black "Yanikoglu, Omer"]
[Result "1-0"]
[WhiteElo "1944"]
[BlackElo "1635"]
[Annotator "NA"]
[PlyCount "191"]
[EventDate "2020.01.26"]
[EventType "swiss"]
[EventCountry "TUR"]
[SourceTitle "playchess.com"]
[Source "ChessBase"]
[SourceQuality "1"]

1. Nf3 Nf6 2. c4 e6 3. b3 d5 4. Bb2 Be7 5. g3 c6 6. Bg2 O-O 7. O-O Nbd7 8. d4 b6 9. Nc3 Bb7 10. Qc2 h6 11. e4 dxe4 12. Nxe4 Nxe4 13. Qxe4 Nf6 14. Qc2 Qc7 15. Rad1 c5 16. dxc5 bxc5 17. Be5 Qb6 18. Ne1 Rad8 19. Nd3 Bxg2 20. Kxg2 Ng4 21. Bf4 Bg5 22. Qe2 Bxf4 23. Nxf4 Nf6 24. Qe5 Ng4 25. Qe4 Nf6 26. Qf3 a5 27. h4 a4 28. g4 Rxd1 29. Rxd1 axb3 30. axb3 Rd8 31. g5 Rxd1 32. Qxd1 hxg5 33. hxg5 Ne4 34. g6 fxg6 35. Nxg6 Nf6 36. Qf3 Qd6 37. Nf4 Kf7 38. Nh5 Kg6 39. Ng3 Qe5 40. Qd3+ Kh6 41. Qd2+ Kh7 42. b4 cxb4 43. Qxb4 g6 44. c5 Qd5+ 45. f3 Qa2+ 46. Kh3 Nd5 47. Qh4+ Kg7 48. Qd4+ Kh7 49. Ne4 Qe2 50. Ng5+ Kg8 51. Qa1 Ne3 52. Qg1 Qd3 53. Ne4 Kg7 54. Qa1+ Kg8 55. c6 Nd5 56. Ng3 Nf4+ 57. Kg4 Qc4 58. Ne4 Qxc6 59. Kxf4 Qc7+ 60. Kg4 Qc2 61. Qf6 Qg2+ 62. Ng3 Kh7 63. Qxe6 Kh6 64. Qe3+ Kg7 65. Kf4 Qh2 66. Kg4 Qg2 67. Qe2 Qg1 68. f4 Kh6 69. Qe7 Qg2 70. Qf8+ Kh7 71. Qf7+ Kh8 72. Qf8+ Kh7 73. Qe7+ Kh8 74. Qh4+ Kg7 75. Qh1 Qf2 76. Qf3 Qh2 77. Qc3+ Kh7 78. Qc7+ Kh8 79. Qd8+ Kg7 80. Qe7+ Kg8 81. Qf6 Qc2 82. Kg5 Qg2 83. Qxg6+ Kh8 84. Qh5+ Kg7 85. Qg4 Kh8 86. Nf5 Qb7 87. Qh5+ Kg8 88. Qe8+ Kh7 89. Qe7+ Qxe7+ 90. Nxe7 Kg7 91. Nd5 Kf7 92. Kf5 Kg7 93. Ke6 Kf8 94. f5 Ke8 95. f6 Kf8 96. f7 1-0

[Event "Turkey Cup 2020"]
[Site "Antalya-Belek"]
[Date "2020.01.27"]
[Round "3.47"]
[White "Yaylali, Adnan Dogan"]
[Black "Gursu, Ahmet Burak"]
[Result "1/2-1/2"]
[WhiteElo "1947"]
[BlackElo "1297"]
[Annotator "NA"]
[PlyCount "58"]
[EventDate "2020.01.26"]
[EventType "swiss"]
[EventCountry "TUR"]
[SourceTitle "playchess.com"]
[Source "ChessBase"]
[SourceQuality "1"]

1. d4 d5 2. Nf3 Nf6 3. Bf4 c5 4. e3 Nc6 5. c3 e6 6. Nbd2 Nh5 7. Be5 Nxe5 8. Nxe5 Nf6 9. Ndf3 Bd6 10. Bb5+ Nd7 11. Qa4 cxd4 12. cxd4 a6 13. Rc1 Ke7 14. Be2 f6 15. Nd3 b5 16. Qb3 Bb7 17. O-O Qb6 18. Nd2 Rac8 19. f4 f5 20. Ne5 Rxc1 21. Rxc1 Rc8 22. Rxc8 Bxc8 23. Qc2 Bb7 24. g4 g6 25. gxf5 gxf5 26. Ndf3 Nf6 27. Bd3 Qc7 28. h3 Qxc2 29. Bxc2 Nd7 1/2-1/2

[Event "Turkey Cup 2020"]
[Site "Antalya-Belek"]
[Date "2020.01.27"]
[Round "3.48"]
[White "Kecili, Mustafa Firat"]
[Black "Demir, Bilal"]
[Result "0-1"]
[WhiteElo "1673"]
[BlackElo "1964"]
[Annotator "NA"]
[PlyCount "77"]
[EventDate "2020.01.26"]
[EventType "swiss"]
[EventCountry "TUR"]
[SourceTitle "playchess.com"]
[Source "ChessBase"]
[SourceQuality "1"]

1. Nf3 d6 2. e4 Nf6 3. Nc3 g6 4. d4 Bg7 5. Be2 O-O 6. h3 c6 7. Be3 Qc7 8. O-O e5 9. dxe5 dxe5 10. Qc1 b5 11. a3 Nbd7 12. Nh2 Re8 13. Ng4 Nxg4 14. hxg4 Nf8 15. g3 Ne6 16. Kg2 Nd4 17. f3 f5 18. gxf5 gxf5 19. Bd3 Rf8 20. Qd2 f4 21. Bxd4 exd4 22. Ne2 Be5 23. gxf4 Rxf4 24. Rh1 Be6 25. Rag1 Raf8 26. Nxf4 Bxf4 27. Kf1+ Kh8 28. Qb4 c5 29. Qxb5 Bh2 30. Be2 Bxg1 31. Rxg1 Qh2 32. Qxc5 Bh3+ 33. Ke1 Qxg1+ 34. Kd2 Qg7 35. Qh5 Be6 36. Qc5 h6 37. Qd6 Bg8 38. f4 Qf6 39. Qxf6+ 0-1

[Event "Turkey Cup 2020"]
[Site "Antalya-Belek"]
[Date "2020.01.27"]
[Round "3.49"]
[White "Araboga, Mesut"]
[Black "Ozkan, Ervin"]
[Result "0-1"]
[WhiteElo "1627"]
[BlackElo "2185"]
[Annotator "NA"]
[PlyCount "102"]
[EventDate "2020.01.26"]
[EventType "swiss"]
[EventCountry "TUR"]
[SourceTitle "playchess.com"]
[Source "ChessBase"]
[SourceQuality "1"]

1. e4 e5 2. Nf3 Nf6 3. d3 Nc6 4. c4 Be7 5. Nc3 d6 6. h3 O-O 7. Be3 Nd7 8. g4 Nc5 9. Qd2 Ne6 10. Bg2 Ncd4 11. O-O g6 12. Nd5 Nxf3+ 13. Bxf3 Bg5 14. Bg2 c6 15. Bxg5 Nxg5 16. Ne3 Ne6 17. Rad1 Qh4 18. f3 Nf4 19. Qf2 Nxh3+ 20. Bxh3 Qxh3 21. Qh2 Qxh2+ 22. Kxh2 f5 23. gxf5 gxf5 24. Rg1+ Kh8 25. Rg5 f4 26. Ng4 Bxg4 27. Rxg4 Rg8 28. Rdg1 Rxg4 29. Rxg4 Rf8 30. Kh3 Rf6 31. Rg5 Rg6 32. Kg4 Kg8 33. Kf5 Kf7 34. b4 b6 35. a4 c5 36. b5 Kg7 37. Rg4 Kf7 38. Rg5 Rf6+ 39. Kg4 Rh6 40. Rh5 Rg6+ 41. Rg5 Kf6 42. Rxg6+ hxg6 43. Kh4 Kf7 44. Kg4 Kg8 45. Kh4 Kh7 46. Kh3 g5 47. Kg2 Kh6 48. Kh2 Kh5 49. Kh3 g4+ 50. Kg2 Kh4 51. Kf2 Kh3 0-1